000 00481nam a2200181Ia 4500
001 8657
005 20260306160626.0
008 260306t2015||||xx |||||||||||||| ||spa||
041 _aESP
082 _a371.23
_bM42
100 _aMéndez, Laura Marcela
_eAUT
245 0 _aLas efemérides en el aula:
_baportes teóricos y propuestas didácticas innovadoras
260 _c2015
300 _a237 páginas :
_c26 cm.
650 _aGEN
654 _aCED
942 _cLIB
_dJUS
_fJUS
_2ddc
_n
999 _c8657
_d8657